LEADER 02486oam 2200697M 450 001 9910716104903321 005 20200213070944.8 035 $a(CKB)5470000002519071 035 $a(OCoLC)1065621612 035 $a(OCoLC)995470000002519071 035 $a(EXLCZ)995470000002519071 100 $a20071213d1926 ua 0 101 0 $aeng 135 $aurcn||||||||| 181 $ctxt$2rdacontent 182 $cc$2rdamedia 183 $acr$2rdacarrier 200 10$aRegulation of radio communications. March 5, 1926. -- Committed to the Committee of the Whole House on the State of the Union and ordered to be printed 210 1$a[Washington, D.C.] :$c[U.S. Government Printing Office],$d1926. 215 $a1 online resource (31 pages)$ctables 225 1 $aHouse report / 69th Congress, 1st session. House ;$vno. 464 225 1 $a[United States congressional serial set] ;$v[serial no. 8532] 300 $aMinority report, p. 3. 300 $aAppendices, p. 22. 300 $aBatch processed record: Metadata reviewed, not verified. Some fields updated by batch processes. 300 $aFDLP item number not assigned. 606 $aAdministrative remedies 606 $aCensorship 606 $aIndependent regulatory commissions 606 $aInterstate commerce 606 $aLegislative amendments 606 $aMonopolies 606 $aPatents 606 $aPrice fixing 606 $aRadio broadcasting 606 $aRadio stations$xLicenses 606 $aRadio 606 $aTelecommunication policy 608 $aLegislative materials.$2lcgft 615 0$aAdministrative remedies. 615 0$aCensorship. 615 0$aIndependent regulatory commissions. 615 0$aInterstate commerce. 615 0$aLegislative amendments. 615 0$aMonopolies. 615 0$aPatents. 615 0$aPrice fixing. 615 0$aRadio broadcasting. 615 0$aRadio stations$xLicenses. 615 0$aRadio. 615 0$aTelecommunication policy. 701 $aDavis$b Ewin Lamar$f1876-1949$pDemocrat (TN)$01406901 701 $aScott$b Frank Douglas$f1878-1951$pRepublican (MI)$01401902 801 0$bWYU 801 1$bWYU 801 2$bOCLCO 801 2$bOCLCQ 906 $aBOOK 912 $a9910716104903321 996 $aRegulation of radio communications. March 5, 1926. -- Committed to the Committee of the Whole House on the State of the Union and ordered to be printed$93520310 997 $aUNINA LEADER 01798oam 2200325z- 450 001 9910788131303321 005 20230919223544.0 010 $a1-61147-820-0 035 $a(CKB)2670000000616535 035 $a(MiAaPQ)EBC2051685 035 $a(EXLCZ)992670000000616535 100 $a20180708c2015uuuu -u- - 101 0 $aeng 135 $aur||||||||||| 200 10$aChicano while Mormon $eactivism, war, and keeping the faith /$fIgnacio M. Garci?a 210 $cFairleigh Dickinson University Press 311 $a1-61147-818-9 311 $a1-61147-819-7 327 $aComing to America -- Growing up brown in Texas -- El grito : becoming Mexican -- Mormonismo : a home for my spiritual yearnings -- Sidney Lanier High School : la garra -- La vida (not too) loca of high school -- El army -- Going to el norte : entering the homefront -- Going to Viet Nam : the brown warrior -- Romance, buddies, and disillusionment -- Providing mercy and finding death again -- Flying back to the barrio -- Another part of Texas : another part of the spirit -- Steps back into a Chicano world -- The college life : beyond the activist trenches -- United we win : politics in the time of Chicanos -- El final : politics of self-destruction -- Final thoughts on this phase of my life. 517 $aFairleigh Dickinson University Press Mormon Studies Series 517 $aFairleigh Dickinson University Press Mormon Studies Series : Chicano While Mormon : Activism, War, and Keeping the Faith 606 $aHispanic American Latter Day Saints$vBiography 615 0$aHispanic American Latter Day Saints 676 $a289.3092 676 $aB 700 $aGarci?a$b Ignacio M.$0547398 906 $aBOOK 912 $a9910788131303321 996 $aChicano while Mormon$93791285 997 $aUNINA